00678cam a22001931 4500040000900000082002600009100002400035245004400059260002600103300002500129490004800154650004100202650002600243700001700269700002100286942001000307999001700317952015000334 cCU-I a333 COU 1971 C111 Or.1 aLe Guyader, Michel,10aCours de chimie physique et analytique, aParis,bDunod,c1971- a v.billus.c24 cm.0 aTechnologie et université. I.U.T. Chimie. 0aChemistry, Physical and theoretical. 0aAnalytical chemistry.1 aMartin, Guy,1 aTallec, André, cAEDBB c20911d20911 0010406333_000000000000000_COU_1971_C111_OR70992539aLBCbLBCcC111d2023-01-13o333 COU 1971 C111 Or.pa09582r2023-01-13w2023-01-13yAEDBB